| 000 | 00681nam a2200217Ia 4500 | ||
|---|---|---|---|
| 999 |
_c10545 _d10545 |
||
| 003 | OSt | ||
| 005 | 20191231150130.0 | ||
| 008 | 190216s9999||||xx |||||||||||||| ||und|| | ||
| 020 | _a9780195655292 | ||
| 040 | _coclc | ||
| 082 |
_a338.954 _bSAC/I |
||
| 100 |
_aSachs, Jeffrey D _9965 |
||
| 245 | 0 |
_aIndia In The Era Of Economic Reforms / _cJeffrey D Sachs ; Ashutosh Varshney ; Nirupam Bajpai |
|
| 250 | _a1st ed. | ||
| 260 |
_bOxford University Press, _c2000. _aNew York: |
||
| 300 | _a312p | ||
| 650 | _aEconomics | ||
| 700 | 1 |
_9992 _aVarshney, Ashutosh, _d1957- |
|
| 700 | 1 |
_9993 _aBajpai, Nirupam |
|
| 942 |
_cBK _2ddc _h338.954 _iSAC/I _k338.954 _mSAC/I |
||